Магнито-геологическая модель месторождения Чёртово Корыто (Патомское нагорье Россия); Новые и нетрадиционные типы месторождений полезных ископаемых Прибайкалья и Забайкалья

Dettagli Bibliografici
Parent link:Новые и нетрадиционные типы месторождений полезных ископаемых Прибайкалья и Забайкалья.— 2010.— С. 96-98
Autore principale: Колмаков Ю. В. Юрий Викторович
Altri autori: Соколов С. В. Степан Витальевич, Гусев Е. В. Евгений Владимирович
Lingua:russo
Pubblicazione: 2010
Soggetti:
Natura: Capitolo di libro
KOHA link:https://koha.lib.tpu.ru/cgi-bin/koha/opac-detail.pl?biblionumber=194223

MARC

LEADER 00000naa2a2200000 4500
001 194223
005 20250428102814.0
035 |a (RuTPU)RU\TPU\book\211838 
090 |a 194223 
100 |a 20110408d2010 k y0rusy50 ca 
101 0 |a rus 
102 |a RU 
200 1 |a Магнито-геологическая модель месторождения Чёртово Корыто (Патомское нагорье Россия)  |f Ю. В. Колмаков, С. В. Соколов, Е. В. Гусев 
320 |a Библиогр.: 3 назв. 
463 0 |0 (RuTPU)RU\TPU\book\208629  |y 978-5-905013-01-0  |t Новые и нетрадиционные типы месторождений полезных ископаемых Прибайкалья и Забайкалья  |o материалы Всероссийской научно-практической конференции, 10-12 ноября 2010 г., Улан-Удэ  |f Российская академия наук (РАН), Сибирское отделение (СО), Бурятский геологический институт (БГИ) ; Российское минералогическое общество (РМО), Бурятское отделение ; под ред. Е. В. Кислова  |v С. 96-98  |d 2010 
610 1 |a геологические модели 
610 1 |a магнитные свойства 
610 1 |a месторождения 
610 1 |a Чёртово Корыто 
610 1 |a труды учёных ТПУ 
700 1 |a Колмаков  |b Ю. В.  |c геолог  |c доцент Томского политехнического университета, кандидат геолого-минералогических наук  |c выпускник ТПИ 1988  |f 1966-  |g Юрий Викторович  |3 (RuTPU)RU\TPU\pers\18584  |9 6884 
701 1 |a Соколов  |b С. В.  |c геофизик  |c ассистент Томского политехнического университета  |f 1986-  |g Степан Витальевич  |3 (RuTPU)RU\TPU\pers\28128  |4 070  |9 13086 
701 1 |a Гусев  |b Е. В.  |c геолог  |c доцент Томского политехнического института, кандидат геолого-минералогических наук  |c выпускник Томского политехнического института 1973  |f 1951-  |g Евгений Владимирович  |3 (RuTPU)RU\TPU\pers\18580  |4 070  |9 6880 
801 1 |a RU  |b 63413507  |c 20110408 
801 2 |a RU  |b 63413507  |c 20131004  |g RCR 
850 |a 63413507 
942 |c BK